State Times (Record no. 19916)
[ view plain ]
| 000 -LEADER | |
|---|---|
| fixed length control field | 00304nam a22001337a 4500 |
| 008 - FIXED-LENGTH DATA ELEMENTS--GENERAL INFORMATION | |
| fixed length control field | 230228b |||||||| |||| 00| 0 eng d |
| 245 ## - TITLE STATEMENT | |
| Title | State Times |
| 246 ## - VARYING FORM OF TITLE | |
| Title proper/short title | ST |
| 260 ## - PUBLICATION, DISTRIBUTION, ETC. (IMPRINT) | |
| Place of publication | Jammu |
| Name of publisher | State Times Publications |
| Year of publication | 2023 |
| 300 ## - PHYSICAL DESCRIPTION | |
| Number of Pages | 12 |
| 440 ## - SERIES STATEMENT/ADDED ENTRY--TITLE | |
| Title | State Times |
| 942 ## - ADDED ENTRY ELEMENTS (KOHA) | |
| Source of classification or shelving scheme | Dewey Decimal Classification |
| Koha item type | News Paper |
| Accession Number | Source of acquisition | Price effective from | Koha item type | Withdrawn / writtenoff status | Damaged status | Not for loan | Permanent Location | Current Location | Shelving location | Date acquired | Lost/ Missing status | department |
|---|---|---|---|---|---|---|---|---|---|---|---|---|
| N 2 | Vijay News Agency | 02/28/2023 | News Paper | Not For Loan | MIET Library, Jammu | MIET Library, Jammu | On Display | 02/01/2023 | General |